American literary annuals & gift books, 1825-1865.

Bibliographic Details
Main Author: Thompson, Ralph, 1904-
Format: Book
Language:English
Published: [Hamden, Conn.] : Archon Books, 1967
Subjects:

MARC

Tag First Indicator Second Indicator Subfields
LEADER 00000cam a2200000 4500
001 in00000039021
005 20151007081442.0
008 741122s1967 eng u
010 |a  67017791  
035 |a (OCoLC)01084524 
035 |9 AAF6403AM 
040 |c CSU  |d TXA  |d UtOrBLW 
049 |a TXAM  |c [477300] 
050 0 0 |a AY10  |b .T5 1967 
082 0 |a 050 
092 |a 051  |b T475a, 1967 
100 1 |a Thompson, Ralph,  |d 1904- 
245 1 0 |a American literary annuals & gift books, 1825-1865. 
264 1 |a [Hamden, Conn.] :  |b Archon Books,  |c 1967 
264 4 |c [©1936] 
300 |a 190 pages ;  |c 22 cm. 
336 |a text  |b txt  |2 rdacontent 
337 |a unmediated  |b n  |2 rdamedia 
338 |a volume  |b nc  |2 rdacarrier 
500 |a "A catalog": pages [102]-163; "Foreign gift books": pages [165]-166. 
650 0 |a Gift books  |x Bibliography. 
650 0 |a American literature  |x History and criticism. 
999 |a MARS 
999 f f |s 193b2cde-dbdf-3c3c-bdcc-2aacf06e2725  |i 90378479-23ae-343e-a81d-2c65fcc472a8  |t 0 
952 f f |p ric  |a Texas A&M University  |b Rellis Campus  |c Joint Library Facility  |d Remote Storage  |t 0  |e AY10 .T5 1967  |h Library of Congress classification  |i unmediated -- volume  |m A14800499036 
998 f f |a AY10 .T5 1967  |t 0  |l Remote Storage